00973cam a22002772 450000100060000000300080000600500170001400800410003103500190007204000320009104100080012308200240013110000410015524500920019625000370028826000340032530000290035949000830038849000470047150400300051865000110054883000080055983000100056783000780057783000400065511928BD-RjUL20211208235215.0140127t1964 gw a b 000 0 ger d a(BD-RjUL)11977 aMNPcMNPdEQOdBD-RjULbeng aeng00a589.2216bGAD 19641 aGäumann, Ernst Albert,d1893-1963.04aDie Pilze :bGrundzüge ihrer Entwicklungsgeschichte und Morphologie /cErnst gaumann. a2. umgearb. und erweiterte Aufl. aBasel :bBirkhäuser,c1964. a541 p. :bill. ;c25 cm.1 aLehrbücher und Monographien aus dem Gebiete der exakten Wissenschaften,v19.1 aReihe der experimentellen Biologie,vBd. 4 aBibliography: p. 493-509. 0aFungi. 0v19. 0vBd. 4 0aLehrbücher und Monographien aus dem Gebiete der exakten Wissenschaften, 0aReihe der experimentellen Biologie,